О некоторых вопросах, связанных с применением пиретрума в качестве инсектисида = (Record no. 421926)
[ view plain ]
| 000 -LEADER | |
|---|---|
| fixed length control field | 01690nam a2200265 a 4500 |
| 003 - CONTROL NUMBER IDENTIFIER | |
| control field | AM-YeHGA |
| 005 - DATE AND TIME OF LATEST TRANSACTION | |
| control field | 20250618075019.0 |
| 008 - FIXED-LENGTH DATA ELEMENTS--GENERAL INFORMATION | |
| fixed length control field | 041216s1936 ai a||||r|||||000|0|rus|| |
| 040 ## - CATALOGING SOURCE | |
| Original cataloging agency | AM-YeHGA |
| 041 0# - LANGUAGE CODE | |
| Language code of text/sound track or separate title | rus |
| 090 ## - LOCALLY ASSIGNED LC-TYPE CALL NUMBER (OCLC); LOCAL CALL NUMBER (RLIN) | |
| -- | 424341 |
| 100 1# - MAIN ENTRY--PERSONAL NAME | |
| Personal name | Մարջանյան, Գեդեոն Միսակի, |
| Dates associated with a name | 1907-1977 |
| 9 (RLIN) | 2387 |
| 245 10 - TITLE STATEMENT | |
| Title | О некоторых вопросах, связанных с применением пиретрума в качестве инсектисида = |
| Remainder of title | Of Some Questions connected with Application Pyrethrum as Insecticids / |
| Statement of responsibility, etc. | Г.М. Марджанян ; НКЗ ССР Армении, Н/и станция защиты растений. |
| 246 11 - VARYING FORM OF TITLE | |
| Title proper/short title | Of Some Questions connected with Application Pyrethrum as Insecticids |
| 260 ## - PUBLICATION, DISTRIBUTION, ETC. | |
| Place of publication, distribution, etc. | Ереван : |
| Name of publisher, distributor, etc. | Сельхозгиз , |
| Date of publication, distribution, etc. | 1936. |
| 300 ## - PHYSICAL DESCRIPTION | |
| Extent | 23 с., [1] л. ил. ; |
| Dimensions | 23 см. |
| 490 1# - SERIES STATEMENT | |
| Series statement | Научная серия/ НКЗ ССР Армении. Науч. исслед. станция защиты растений |
| Volume/sequential designation | № 5 |
| 504 ## - BIBLIOGRAPHY, ETC. NOTE | |
| Bibliography, etc. note | Библиогр. : с. 21-23 |
| 546 ## - LANGUAGE NOTE | |
| Language note | Загл. также на англ. яз ; загл. сер. и вых. данные также на арм. яз. |
| 650 14 - SUBJECT ADDED ENTRY--TOPICAL TERM | |
| Topical term or geographic name entry element | Сельскохозяйственные культуры |
| General subdivision | Болезни и вредители |
| 650 14 - SUBJECT ADDED ENTRY--TOPICAL TERM | |
| Topical term or geographic name entry element | Растениеводство |
| General subdivision | Ядовитые растения |
| 710 2# - ADDED ENTRY--CORPORATE NAME | |
| Corporate name or jurisdiction name as entry element | Научно-исследовательская станция защиты растений НКЗ ССР Армении |
| 830 #0 - SERIES ADDED ENTRY--UNIFORM TITLE | |
| Uniform title | Научная серия/ НКЗ ССР Армении. Науч. исслед. станция защиты растений |
| Volume/sequential designation | № 5 |
| 942 ## - ADDED ENTRY ELEMENTS (KOHA) | |
| Source of classification or shelving scheme | Universal Decimal Classification |
| Koha item type | Գրքեր / Books |
| Withdrawn status | Lost status | Source of classification or shelving scheme | Damaged status | Not for loan | Collection | Home library | Current library | Date acquired | Total checkouts | Full call number | Barcode | Date last seen | Price effective from | Koha item type | Public note |
|---|---|---|---|---|---|---|---|---|---|---|---|---|---|---|---|
| Universal Decimal Classification | General | Fundamental Scientific Library | Fundamental Scientific Library | 07/12/2018 | РД II/27104 | FL0533818 | 07/12/2018 | 07/12/2018 | Գրքեր / Books | 30 Days Loan |
ՀՀ Գիտությունների ազգային ակադեմիայի հիմնարար գիտական գրադարան = Fundamental Scientific Library of NAS RA
All site content, except where otherwise noted, is licensed under a